000 00658nam a2200205 4500
001 123581
003 ES-MaACL
005 20250415213641.0
007 t|
008 070214s1973 sp r ||||1| spa d
100 1 _aQuine, Willard Van Orman.
_9182518
245 1 0 _aFilosofía de la lógica /
_cWillard van Orman Quine, versión española de Manuel Sacristán.
260 _aMadrid :
_bAlianza,
_c1973.
300 _a187 p. ;
_c20 cm.
490 1 _aAlianza universidad ;
_v43
700 1 _aSacristán, Manuel,
_d1925-1985
_9101268
830 0 _aAlianza universidad ;
_v43
_9177276
852 _aES-MaACL
_jC-52562
_bR.85745
999 _c123581
_d123581